Los Goyas de la Academia (Record no. 187414)
[ view plain ]
| 000 -LEADER | |
|---|---|
| campo de control de longitud fija | 01089nam a2200241 i 4500 |
| 001 - NÚMERO DE CONTROL | |
| campo de control | 187414 |
| 003 - IDENTIFICADOR DE NÚMERO DE CONTROL | |
| campo de control | SpMaBN |
| 005 - FECHA Y HORA DE LA ÚLTIMA TRANSACCIÓN | |
| campo de control | 20250821092738.0 |
| 008 - DATOS DE LONGITUD FIJA--INFORMACIÓN GENERAL | |
| campo de control de longitud fija | 170703s1996 sp a c |||| | spa d |
| 020 ## - NÚMERO INTERNACIONAL ESTÁNDAR DEL LIBRO | |
| Número Internacional Estándar del Libro | 84-921487-5-6 Sociedad Estatal Goya 96 |
| 080 ## - NÚMERO DE LA CLASIFICACIÓN DECIMAL UNIVERSAL | |
| Número de la Clasificación Decimal Universal | 75 Goya, Francisco de:069.538(460.27 M.) |
| 110 2# - ENTRADA PRINCIPAL--NOMBRE DE ENTIDAD CORPORATIVA | |
| Nombre de entidad corporativa o nombre de jurisdicción como elemento de entrada | Real Academia de Bellas Artes de San Fernando. |
| Unidad subordinada | Museo. |
| 9 (RLIN) | 148353 |
| 245 14 - MENCIÓN DEL TÍTULO | |
| Título | Los Goyas de la Academia |
| Resto del título | : Museo de la Real Academia de Bellas Artes de San Fernando / |
| Mención de responsabilidad, etc. | Mª Ángeles Blanca Piquero López, Mercedes González de Amezúa y del Pino. |
| 260 ## - PUBLICACIÓN, DISTRIBUCIÓN, ETC. | |
| Lugar de publicación, distribución, etc. | [Madrid] : |
| Nombre del editor, distribuidor, etc. | Real Academia de Bellas Artes de San Fernando : |
| -- | Sociedad Estatal Goya 96, |
| Fecha de publicación, distribución, etc. | 1996. |
| 300 ## - DESCRIPCIÓN FÍSICA | |
| Extensión | 46 p. : |
| Otras características físicas | il. col. ; |
| Dimensiones | 26 cm. |
| 504 ## - NOTA DE BIBLIOGRAFÍA, ETC. | |
| Nota de bibliografía, etc. | Bibliografía: p. 44-46. |
| 600 17 - PUNTO DE ACCESO ADICIONAL DE MATERIA--NOMBRE DE PERSONA | |
| Nombre de persona | Goya, Francisco de, |
| Fechas asociadas al nombre | 1746-1828- |
| Subdivisión geográfica | Real Academia de Bellas Artes de San Fernando |
| Fuente del encabezamiento o término | |
| 9 (RLIN) | 163327 |
| 700 1# - ENTRADA AGREGADA--NOMBRE PERSONAL | |
| Nombre de persona | Piquero López, María Ángeles Blanca. |
| 9 (RLIN) | 151143 |
| 700 1# - ENTRADA AGREGADA--NOMBRE PERSONAL | |
| Nombre de persona | González de Amezúa del Pino, Mercedes. |
| 9 (RLIN) | 163328 |
| 852 ## - LOCALIZACIÓN | |
| Ubicación | ES-MaACL |
| Número de control de estantería | L-31755 |
| 942 ## - ELEMENTOS DE ENTRADA SECUNDARIOS (KOHA) | |
| Fuente del sistema de clasificación o colocación | Clasificación decimal universal |
| Estatus retirado | Estado de pérdida | Estado de daño | No para préstamo | Biblioteca de origen | Biblioteca actual | Ubicación en estantería | Fecha de adquisición | Fuente de adquisición | Total de préstamos | Signatura topográfica completa | Código de barras | Visto por última vez | Precio de reemplazo | Tipo de ítem Koha |
|---|---|---|---|---|---|---|---|---|---|---|---|---|---|---|
| Biblioteca del Ateneo de Madrid | Biblioteca del Ateneo de Madrid | Depósito 2 | 03/07/2017 | L-31755 | 1197830 | 23/02/2023 | 23/02/2023 | Libro impreso |
